| 000 | 02739am aa2200505i 44500 | ||
|---|---|---|---|
| 003 | PE-LiUPU | ||
| 005 | 20251024130550.0 | ||
| 008 | 2109s2021 sp#a rb 001 0 spa d | ||
| 020 | _a9788491137788 | ||
| 020 | _a9788491138556 | ||
| 035 | _aPE-LiUPU000070 | ||
| 040 |
_aPE-LiUPU _bspa _cPE-LiUPU _erda |
||
| 041 | 1 |
_aspa _heng |
|
| 082 | 0 | 4 |
_a616.025 _223 _bS541 |
| 245 | 0 | 0 |
_aSheehy : _benfermería de urgencias : principios y práctica / _ceditado por Vicki Sweet y Andi Foley. |
| 250 | _aSéptima edición. | ||
| 264 | 1 |
_aBarcelona : _bElsevier España, S.L.U., _c2021. |
|
| 300 |
_a684 páginas : _bilustraciones en color ; _c28 cm. |
||
| 336 |
_atexto _btxt _2rdacontent |
||
| 337 |
_asin mediación _bn _2rdamedia |
||
| 338 |
_avolumen _bnc _2rdacarrier |
||
| 500 | _aTraducción de: Sheehy’s Emergency Nursing: Principles and Practice, 7th edition. | ||
| 500 | _aDepósito legal: B. 14120-2020. | ||
| 500 | _aRevisión científica: Antonio Esteve Ríos. | ||
| 500 | _aIncluye índice alfabético (p. 647) y láminas en color. | ||
| 504 | _aIncluye referencias bibliográficas. | ||
| 505 | 0 | _aFundamentos de la enfermería de urgencias -- Práctica profesional -- Fundamentos clínicos de la enfermería de urgencias -- Urgencias médicas y quirúrgicas -- Emergencias traumatológicas -- Poblaciones especiales -- Índice alfabético. | |
| 520 | _aManual exhaustivo sobre los principios y la práctica de la enfermería de urgencias. Incluye guías actualizadas sobre valoración del paciente, manejo del dolor, trauma, emergencias médicas, quirúrgicas y pediátricas, así como procedimientos especializados para el personal de urgencias y emergencias extrahospitalarias. | ||
| 546 | _aTexto en español, traducido del inglés. | ||
| 650 | 0 |
_aEnfermería de urgencias. _95665 |
|
| 650 | 0 |
_aServicios de urgencias médicas. _97584 |
|
| 650 | 0 |
_aAtención de emergencias médicas _xMétodos. _97585 |
|
| 650 | 0 |
_aCuidados críticos _xProtocolos. _97586 |
|
| 655 | 7 |
_aManuales y textos de referencia _2rdfs |
|
| 700 | 1 |
_aSweet, Vicki, _eeditora. |
|
| 700 | 1 |
_aFoley, Andi, _eeditora. |
|
| 700 | 1 |
_aEsteve Ríos, Antonio, _erevisor científico. |
|
| 710 | 2 |
_aEmergency Nurses Association, _eautor corporativo. |
|
| 710 | 2 |
_aElsevier España, S.L.U., _eeditor. |
|
| 710 | 2 |
_aGEA Consultoría Editorial, _eservicios editoriales. |
|
| 856 | 4 | 0 |
_uhttps://www.elsevier.es/libro/sheehy-enfermeria-urgencias-principios-practica-9788491137788 _zSitio web oficial de la editorial Elsevier. |
| 942 |
_2ddc _cBK |
||
| 980 |
_621515 _aROMINA COBOS Adquisiciones _821515 _gROMINA COBOS Adquisiciones |
||
| 999 |
_c63150 _d63149 |
||